MyGZULibrary

Principles of healthcare reimbursement/ (Record no. 11251)

MARC details
000 -LEADER
fixed length control field 01427cam a22003974i 4500
001 - CONTROL NUMBER
control field 18809592
003 - CONTROL NUMBER IDENTIFIER
control field GZU
005 - DATE AND TIME OF LATEST TRANSACTION
control field 20240408102918.0
008 - FIXED-LENGTH DATA ELEMENTS--GENERAL INFORMATION
fixed length control field 151006s2013 ilua b 001 0 eng
010 ## - LIBRARY OF CONGRESS CONTROL NUMBER
LC control number 2015414045
020 ## - INTERNATIONAL STANDARD BOOK NUMBER
International Standard Book Number 9781584263401
022 ## - INTERNATIONAL STANDARD SERIAL NUMBER
International Standard Serial Number No number
040 ## - CATALOGING SOURCE
Original cataloging agency DLC
Language of cataloging eng
Description conventions rda
Transcribing agency DLC
Modifying agency DLC
042 ## - AUTHENTICATION CODE
Authentication code pcc
050 00 - LIBRARY OF CONGRESS CALL NUMBER
Classification number HG9396
Item number CAS 2013
082 00 - DEWEY DECIMAL CLASSIFICATION NUMBER
Classification number 368.38/2014
Edition number 23
100 1# - MAIN ENTRY--PERSONAL NAME
Personal name Casto, Anne B.,
Relator term author.
245 10 - TITLE STATEMENT
Title Principles of healthcare reimbursement/
Statement of responsibility, etc. Anne B. Casto, RHIA, CCS, and Elizabeth Forrestal, PhD, RHIA, CCS, FAHIMA.
250 ## - EDITION STATEMENT
Edition statement Fourth edition.
264 #1 - PRODUCTION, PUBLICATION, DISTRIBUTION, MANUFACTURE, AND COPYRIGHT NOTICE
Place of production, publication, distribution, manufacture Chicago, Illinois:
Name of producer, publisher, distributor, manufacturer AHIMA Press,
Date of production, publication, distribution, manufacture, or copyright notice [2013]
300 ## - PHYSICAL DESCRIPTION
Extent xvi, 351 pages:
Other physical details illustrations;
Dimensions 28 cm
336 ## - CONTENT TYPE
Content type term text
Content type code txt
Source rdacontent
337 ## - MEDIA TYPE
Media type term unmediated
Media type code n
Source rdamedia
338 ## - CARRIER TYPE
Carrier type term volume
Carrier type code nc
Source rdacarrier
500 ## - GENERAL NOTE
General note "Online resource: student workbook"--Cover.
504 ## - BIBLIOGRAPHY, ETC. NOTE
Bibliography, etc. note Includes bibliographical references and index.
505 ## - FORMATTED CONTENTS NOTE
Title Principles of healthcare reimbursement
520 ## - SUMMARY, ETC.
Summary, etc. Healthcare reimbursement methodologies
650 #0 - SUBJECT ADDED ENTRY--TOPICAL TERM
Topical term or geographic name entry element Health insurance claims
Geographic subdivision United States
650 #0 - SUBJECT ADDED ENTRY--TOPICAL TERM
Topical term or geographic name entry element Health insurance
700 1# - ADDED ENTRY--PERSONAL NAME
Personal name Forrestal, Elizabeth,
Relator term author.
710 2# - ADDED ENTRY--CORPORATE NAME
Corporate name or jurisdiction name as entry element American Health Information Management Association.
906 ## - LOCAL DATA ELEMENT F, LDF (RLIN)
a 7
b cbc
c origcop
d 2
e ncip
f 20
g y-gencatlg
942 ## - ADDED ENTRY ELEMENTS (KOHA)
Source of classification or shelving scheme Library of Congress Classification
Koha item type Books
Edition Fourth edition
Classification part 9396
Item part CAS
Call number prefix HG
Holdings
Withdrawn status Lost status Source of classification or shelving scheme Damaged status Not for loan Home library Current library Shelving location Date acquired Source of acquisition Total Checkouts Full call number Barcode Date last seen Copy number Price effective from Koha item type
    Library of Congress Classification     Medical Library Medical Library General Stacks 04/08/2024 Donation   HG9396CAS2013 033285 04/08/2024 c.1 04/08/2024 Books